000 00292nam a22001337a 4500
008 180922b xxu||||| |||| 00| 0 eng d
020 _a9781133957171
041 _aeng
080 _a316
100 _a50
101 _aSOC
245 _aSociology in our times
_cKendall, D
942 _2udc
_cBK
999 _c48263
_d48263